000 01802nam a2200409 c 4500
003 BLK
005 20250715151152.0
008 180410b bul|||||r ||||||| ||bul||
010 _aKNG00158447000
020 _a978-954-27-0971-8
_bиздат.: Егмонт България
040 _aBLK
041 _aBUL
_cBUL
072 7 _2bullib
_aН85
_xДетска художествена литература Н
080 _aИталианска литература
_b821.131.1
_x-93-312.9
_z821.131.1-93-312.9
700 1 _aBaccalario, Pierdomenico
_etext by
_94196
700 1 _aБакаларио, Пиердоменико
_e*
_935513
700 1 _aЦалова, Весела Лулова
_eпрев. от итал.
_9367540
700 1 _aBruno, Iacopo
_eill. by
_9330900
139 _aБакаларио, Пиердоменико
_bБ 16
245 1 0 _aВратата на времето
_ctext by Pierdomenico Baccalario; * Пиердоменико Бакаларио; прев. от итал. Весела Лулова Цалова; ill. by Iacopo Bruno.
257 _aITA
260 София
_bЕгмонт България
_c2013
_fДобрич : Фолиарт
300 _a224 с.
_bс ил.
_c21 см
380 _aDX
490 1 _aЮлисес Мур
_vТетр. 1
500 _aОриг. загл. La porta del tempo / Pierdomenico Baccalario. - Авт. не е отбелязан на кор.
653 _aромани
653 _aлитература за деца
653 _aдетска литература
659 _aН
852 _aЦб 268087
856 4 _qpdf
_u
856 4 _qpdf
_u
942 _cKNG
_n0
_036
944 _aCR
_c24.03.2014
_lРусанова Ирена
_k30542
944 _aED
_c19.05.2015
_lф /
_kГеновева_Генчева
999 _c152004
_d152004